|
|
|
|
| LEADER |
01132nam a22002657a 4500 |
| 001 |
38201 |
| 003 |
BD-DhAAL |
| 005 |
20260410193958.0 |
| 008 |
220322t20011989bg ||||| |||| 00| 0 ben d |
| 020 |
|
|
|a 984452026
|
| 040 |
|
|
|a BD-DhAAL
|c BD-DhAAL
|
| 041 |
|
|
|a ben
|
| 082 |
|
|
|a 320.95492
|
| 100 |
|
|
|a মুকুল, এম আর আখতার.
|9 47278
|
| 245 |
|
|
|a ভাসানী- মুজিবের রাজনীতি /
|c এম আর আখতার মুকুল.
|
| 246 |
|
|
|a Bhashani-mujiber rajniti
|
| 250 |
|
|
|a দ্বিতীয় সংস্করণ.
|
| 260 |
|
|
|a ঢাকা :
|b সাগর পাবলিশার্স,
|c ২০০১.
|
| 300 |
|
|
|a ৩১৯ পৃষ্ঠা ;
|c ২২ সে.মি.
|
| 541 |
|
|
|a Donated by Akbar Ali Khan
|e 38201
|
| 650 |
|
|
|a Bangladesh
|x Politics and government.
|9 47279
|
| 852 |
|
|
|a Ayesha Abed Library
|c Akbar Ali Khan Collection
|
| 942 |
|
|
|2 ddc
|c BK
|
| 999 |
|
|
|c 43848
|d 43848
|
| 952 |
|
|
|0 0
|1 0
|2 ddc
|4 0
|6 954_920500000000000_MUK
|7 1
|9 70234
|a BRACUL
|b BRACUL
|c AAKC
|d 2022-03-22
|e Donated by Akbar Ali Khan
|l 0
|o 954.9205 MUK
|p 3010038201
|r 2022-03-22
|t 1
|w 2022-03-22
|y BK
|